Statistics for Film stars: one world clue #2

Click here to take the quiz!

General Stats

  • This quiz has been taken 22 times
  • The average score is 9 of 15

Answer Stats

Hint Answer % Correct
BourneMatt Damon
100%
SmokeyBurt Reynolds
90%
TootsieDustin Hoffman
86%
RebelJames Dean
86%
RipleySigourney Weaver
71%
GolightlyAudrey Hepburn
62%
ChariotCharlton Heston
62%
BridgetRenée Zellweger
62%
BatesAnthony Perkins
52%
VinnyJoe Pesci
48%
LamppostGene Kelly
48%
BasicSharon Stone
48%
PurpleWhoopi Goldberg
43%
TuringBenedict Cumberbatch
43%
UNHCRAngelina Jolie
10%

Score Distribution

Percentile by Number Answered

Percent of People with Each Score

Your Score History

You have not taken this quiz